000 00631nam a2200229Ia 4500
003 OSt
005 20221006164755.0
006 a|||||r|||| 00| 0
007 ta
008 221006b |||||||| |||| 00| 0 eng d
024 _a323
037 _cTextual
040 _aFML
_cFML
_beng
041 _2eng
_aeng
082 _aP111:4k, H3
100 _aChrist G. Elgie Ed.
_9678287
245 0 _aNuttall Dictonary Of English Synonyms And Antonyms
260 _aLondon
_bFrederick Warne & Co. Ltd.
_c1943
300 _a304
_ccm.
942 _hP111:4k, H3
_cTEXL
_2CC
999 _c1118418
_d1118418